Sports Quiz

Random Sports or Capital Quiz

If UEFA Champions League had only Capital Teams Quiz Stats

Quiz not verified by Sporcle

Challenge
Share
Tweet
Score 0/102 Timer 11:00
9 Plays Today
% Correct
Chelsea
96.7%
Chelsea
96.7%
Chelsea
96.7%
Chelsea
96.7%
Arsenal
96.6%
Arsenal
96.6%
Real Madrid
96.3%
R Madrid
96.3%
R Madrid
96.3%
R Madrid
96.3%
R Madrid
96.3%
Paris Saint-Germain
95.5%
PSG
95.5%
PSG
95.5%
PSG
95.5%
PSG
95.5%
AS Roma
95.3%
Roma
95.3%
Roma
95.3%
Tottenham Hotspur
95.3%
Tottenham
95.2%
Atlético Madrid
93.1%
Atlético
93.1%
Atlético
93.1%
Ajax
87.9%
Ajax
87.9%
Ajax
87.9%
Lazio
85.7%
Lazio
85.7%
Sporting CP
83.7%
Benfica
80.2%
Benfica
80.2%
Benfica
80.2%
Benfica
80.2%
% Correct
CSKA Moskva
73.5%
CSKA
73.4%
Hertha BSC
73.2%
FC København
67.1%
København
67.1%
København
67.1%
København
67.1%
D. Kyiv
66.6%
Dynamo Kyiv
66.5%
And'echt
64.7%
And'echt
64.7%
Anderlecht
64.7%
Sparta Praha
63.1%
Sparta
63%
D. Zagreb
62.3%
Dinamo Zagreb
61.7%
Y Boys
61%
Young Boys
61%
APOEL Nicosia
50.4%
APOEL
50.1%
Hearts
47.6%
Legia Warszawa
46.7%
Legia
46.7%
Legia
46.7%
D. Moskva
43.1%
Dynamo Moskva
43.1%
Panathinaikos
43.1%
Lokomotiv Moskva
41.1%
AEK
40.6%
Rapid Wien
37.4%
FC Astana
35.7%
Astana
35.7%
Astana
35.7%
RS Paris
34.5%
% Correct
A. Wien
31.2%
FCSB Steaua
30.5%
Austria Wien
29.1%
AIK
26.4%
AIK
26.4%
Partizan
23.9%
FK Partizan
23.9%
Partizan
23.9%
Slavia
17.8%
D. Minsk
15.6%
D. Minsk
15.6%
HJK
14.9%
HJK
14.9%
Qarabağ FK
12.6%
Qarabağ
12.6%
Qarabağ
12.6%
Slovan
12.1%
Slovan
12.1%
Levski
11.7%
FC Union
11.3%
Belenenses
10.1%
D. Buc'rest
10%
Vålerenga
8.9%
F'város
8.6%
Beitar
7.7%
Beitar
7.7%
Sarajevo
7.5%
Osm'spor
6.3%
Osmanlıspor
6.2%
D. Tbilisi
6%
Olimpija
5.3%
Vardar
5.3%
KR
5.2%
Zimbru
1.8%

You're not logged in!

Compare scores with friends on all Sporcle quizzes.
Sign Up with Email
OR
Log In

You Might Also Like...

Show Comments

Extras

Top Quizzes Today


Score Distribution

Your Account Isn't Verified!

In order to create a playlist on Sporcle, you need to verify the email address you used during registration. Go to your Sporcle Settings to finish the process.